Norský svět = Litt om norsk og Norge : základy norského jazyka a reálií /

Hlavní autor: Vrbová, Jarka, 1950-
Jazyk: Norština
Čeština
Vydáno: Praha : FHS UK, 2022
Vydání: Vydání první
Témata:
Fyzický popis: 190 stran : ilustrace (některé barevné), mapy ; 23 cm
Knihy
Uloženo v:
LEADER 01866nam a2200529 i 4500
001 nkc20223442563
003 CZ PrNK
005 20230106142551.0
007 ta
008 220816s2022 xr ab e p 000 0 cze
015 |a cnb003442563 
020 |a 978-80-7571-096-3  |q (brožováno) 
035 |a (OCoLC)1347065939 
040 |a BOA001  |b cze  |e rda 
041 0 |a cze  |a nor 
043 |a e-no--- 
072 7 |a 811.113  |x Severogermánské jazyky  |2 Konspekt  |9 11 
072 7 |a 37.016  |x Učební osnovy. Vyučovací předměty. Učebnice  |2 Konspekt  |9 22 
080 |a 811.113.5  |2 MRF 
080 |a 913(481)  |2 MRF 
080 |a (481)  |2 MRF 
080 |a (075)  |2 MRF 
100 1 |a Vrbová, Jarka,  |d 1950-  |7 jn20000402620  |4 aut 
245 1 0 |a Norský svět =  |b Litt om norsk og Norge : základy norského jazyka a reálií /  |c Jarka Vrbová 
246 3 0 |a Základy norského jazyka a reálií 
246 3 1 |a Litt om norsk og Norge 
250 |a Vydání první 
264 1 |a Praha :  |b FHS UK,  |c 2022 
300 |a 190 stran :  |b ilustrace (některé barevné), mapy ;  |c 23 cm 
336 |a text  |b txt  |2 rdacontent 
337 |a bez média  |b n  |2 rdamedia 
338 |a svazek  |b nc  |2 rdacarrier 
500 |a Norsko-český slovník 
500 |a Publikace obsahuje QR kódy s přístupem k audionahrávkám 
504 |a Obsahuje bibliografii 
650 0 7 |a norština  |7 ph123330  |2 czenas 
650 0 9 |a Norwegian language  |2 eczenas 
651 7 |a Norsko  |7 ge130191  |x reálie  |2 czenas 
651 9 |a Norway  |x description and travel  |2 eczenas 
655 7 |a učebnice  |7 fd133770  |2 czenas 
655 9 |a textbooks  |2 eczenas 
910 2 |a BOA001  |b 2-1491.701 
928 9 |a Univerzita Karlova, Fakulta humanitních studií 
990 |a BK 
995 |a 01 
991 |b 202208  |c NOV 
996 6 |b 2610912408  |c 2-1491.701  |l MZK  |r Sklad / do 1 hodiny  |n 5  |p p.v.  |w 001897019  |u 000010  |a 1  |e BOA001  |j MZK50  |s P